000 002390000a22000970004500
100 1 _aJoseph, M. V.
245 1 0 _aRINE spells health for the Kampuchea's children
300 _aNúm 8 (1985), Páginas 9-11
773 0 _tTogether
942 _cANA
999 _c56967
_d56967